Central Library OPAC University of Rajshahi

Christianity, Islam and the Negro race / (Record no. 32447)

MARC details
000 -LEADER
fixed length control field 00935cam a22002891 4500
001 - CONTROL NUMBER
control field 32447
003 - CONTROL NUMBER IDENTIFIER
rucl marc code BD-RjUL
005 - DATE AND TIME OF LATEST TRANSACTION
control field 20211209051833.0
008 - FIXED-LENGTH DATA ELEMENTS--GENERAL INFORMATION
fixed length control field 140426s1967 stk b 001 0 eng d
035 ## - SYSTEM CONTROL NUMBER
System control number (BD-RjUL)32536
System control number (OCoLC)353591
040 ## - CATALOGING SOURCE
Original cataloging agency DLC
Transcribing agency ODaWU
Modifying agency OCoLC
-- NBrockU
-- DLC
-- BD-RjUL
Language of cataloging eng
041 ## - LANGUAGE CODE
Language code of text/sound track or separate title eng
082 00 - DEWEY DECIMAL CLASSIFICATION NUMBER
Classification number 291.1783
Author mark and year BLC 1967
100 1# - MAIN ENTRY--PERSONAL NAME
Personal name Blyden, Edward Wilmot,
Dates associated with a name 1832-1912.
9 (RLIN) 98720
245 10 - TITLE STATEMENT
Title Christianity, Islam and the Negro race /
Statement of responsibility, etc. Edward W. Blyden; with an introduction by Christopher Fyfe.
260 ## - PUBLICATION, DISTRIBUTION, ETC. (IMPRINT)
Place of publication, distribution, etc. Edinburgh :
Name of publisher, distributor, etc. University P.,
Date of publication, distribution, etc. 1967.
300 ## - PHYSICAL DESCRIPTION
Pagination xviii, ix, 407 p. ;
Size 23 cm.
504 ## - BIBLIOGRAPHY, ETC. NOTE
Bibliography, etc Includes bibliographical references and Index
650 #0 - SUBJECT ADDED ENTRY--TOPICAL TERM
Topical term or geographic name as entry element Blacks.
9 (RLIN) 98722
Topical term or geographic name as entry element Christianity
Geographic subdivision Africa.
9 (RLIN) 98723
Topical term or geographic name as entry element Islam
Geographic subdivision Africa.
9 (RLIN) 98724
942 ## - ADDED ENTRY ELEMENTS (KOHA)
Source of classification or shelving scheme Dewey Decimal Classification
Koha item type Books
Holdings
Lost status Source of classification or shelving scheme Damaged status Not for loan Collection code Permanent Location Current Location Shelving location Date acquired Source of acquisition Cost, normal purchase price Total Checkouts Full call number Date last seen Copy number Koha item type
  Dewey Decimal Classification   Not For Loan Non-fiction Central Library, University of Rajshahi Central Library, University of Rajshahi Reading Room 30/07/1970 Zetlinger 40.00   291.1783 BLC 1967 26/04/2014 C-1 Books